三國志14 知力トップ - Statistics

General Stats
  • This quiz has been taken 12 times
  • The average score is 22 of 42
Answer Stats
能力値 武将 勢力 % Correct
100 諸葛亮
100%
98 郭嘉
100%
96 司馬懿
100%
95 荀彧
100%
97 龐統
89%
95 陸遜
89%
91 曹操
89%
89 陳宮 呂布
89%
96 周瑜
78%
94 荀攸
78%
94 法正
78%
93 徐庶
78%
93 李儒 董卓
78%
92 魯粛
78%
90 姜維
78%
90 沮授 袁紹
78%
93 田豊 袁紹
67%
88 司馬師
67%
88 張松 劉璋
67%
87 司馬昭
67%
97 賈詡
56%
89 鄧艾
56%
91 鍾会
44%
90 諸葛恪
44%
89 賈充
44%
87 馬謖
44%
87 陸抗
44%
85 杜預
44%
90 程昱
33%
92 劉曄
22%
88 蒯良 劉表
22%
86 張角 群雄
22%
86 張紘
22%
86 陳泰
11%
85 戯志才
11%
85 黄権
11%
85 蒋済
11%
85 羊祜
11%
88 黄月英
0%
86 虞翻
0%
86 蔡邕 後漢
0%
85 董昭
0%
No matching quizzes found
Score Distribution
Percent of People with Each Score
Percentile by Number Answered
Your Score History
You have not taken this quiz